Квиз о Србији - Statistics

General Stats
  • This quiz has been taken 5 750 times
  • The average score is 15 of 16
Answer Stats
Опис Одговор % Correct
Главни град Београд
100%
Реке које протичу кроз главни град Дунав
99%
Други највећи град Нови Сад
99%
Реке које протичу кроз главни град Сава
98%
Бивша држава која је у саставу имала 6 република Југославија
96%
Државна валута Динар
96%
Најбољи тенисер света Новак Ђоковић
96%
Полуострво на којем део Србије лежи Балканско полуострво
93%
Најдужа река која целим током тече кроз Србију Велика Морава
90%
Аутономна покрајина на југу државе Косово и Метохија
90%
Српски изумитељ из Аустроугарске, који је заслужан за изум наизменичне струје Никола Тесла
90%
Аутономна покрајина у Панонији Војводина
89%
Држава са којом Србија има најдужу границу Румунија
89%
Спорт у којем је Србија највише пута освајала светско првенство (уз САД) Кошарка
89%
Најкориснији играч НБА лиге 2021. Никола Јокић
88%
Међународна организација која је супротно вољи УН, 1999. бомбардовала Србију НАТО
87%
No matching quizzes found
Score Distribution
Percent of People with Each Score
Percentile by Number Answered
Your Score History
You have not taken this quiz